| 000 | 00416nam a22001457a 4500 | ||
|---|---|---|---|
| 082 |
_a624.2 _bSTE _cL-19, P-04 |
||
| 100 |
_aDavid Barnard Steinman, Sara Ruth Watson _943382 |
||
| 245 | _aBridges and their builders | ||
| 250 | _arevised | ||
| 260 |
_aNew York _bDover publications inc. _c1957 |
||
| 300 |
_axvi, 401 p. _bills. |
||
| 526 |
_a0 _b0 _c0 _d624_200000000000000_STE |
||
| 650 |
_aMCE _9379 |
||
| 942 |
_2ddc _cBK |
||
| 999 |
_c547205 _d547205 |
||